000 00387nam a22001577a 4500
003 MPLRDC
005 20220104143218.0
008 210129b ||||| |||| 00| 0 eng d
082 _a805.16 YTYN
100 _a岩田一男
245 _a英语语意操纵术
_c胡子丹等译
260 _a
_b天人出版社
_c
300 _b
650 _a英语文法
942 _cBK
_o805.16 YTYN
999 _c37696
_d37686